MARC

LEADER 00000nam0a2200000 4500
001 369747
005 20231102012219.0
035 |a (RuTPU)RU\TPU\retro\27154 
090 |a 369747 
100 |a 20220602d1980 km y0rusy50 ca 
101 0 |a rus 
102 |a RU 
105 |a a z 001zy 
200 1 |a Погрузочные и разгрузочные пункты подземного транспорта  |f Г. П. Ананьин, В. А. Голутвин, О. К. Гуляев 
210 |a Москва  |c Недра  |d 1980 
215 |a 303 с.  |c ил. 
320 |a Библиогр.: с. 299-301 
606 1 |a Погрузочно-разгрузочные пункты подземного транспорта  |2 stltpush  |3 (RuTPU)RU\TPU\subj\49541  |9 68327 
610 1 |a моделирование 
610 1 |a организация работы 
610 1 |a параметры 
610 1 |a грузопотоки 
610 1 |a проектирование 
610 1 |a методология 
610 1 |a угольные шахты 
610 1 |a рудные шахты 
675 |a 622.612  |v 4 
700 1 |a Ананьин  |b Г. П.  |g Глеб Павлович 
701 1 |a Голутвин  |b В. А.  |g Василий Андреевич 
701 1 |a Гуляев  |b О. К.  |g Олег Кузьмич 
801 1 |a RU  |b 63413507  |c 20220602 
801 2 |a RU  |b 63413507  |c 20220602  |g RCR 
942 |c BK